[Event "13.Città di Padova Open A"]
[Site "Padova Ex Fornace Carotta"]
[Date "2010.12.14"]
[Round "3.4"]
[White "Naumkin, Igor"]
[Black "Manca, Federico"]
[Result "1-0"]
[WhiteElo "2506"]
[BlackElo "2405"]
[Annotator "Gabriele Ballarin"]
[PlyCount "67"]
[EventDate "2010.12.12"]
[EventType "swiss"]
[EventRounds "9"]
[EventCountry "ITA"]

1. d4 Nf6 2. c4 e6 3. Nf3 c5 4. d5 exd5 5. cxd5 d6 6. Nc3 g6 7. e4 Bg7 8. Be2 O-O 9. O-O Re8 10. Nd2 Na6 11. f3 Nc7 12. a4 b6 13. Kh1 Rb8 14. Nc4 Ba6 15. Bg5 Qd7 16. Qd2 Bxc4 17. Bxc4 a6 18. Be2 Rb7 19. Rae1 b5 20. axb5 axb5 21. Qf4 Nh5 22. Qh4 b4 23. Nd1 h6 24. Bc1 Qe7 25. Qh3 Nb5 26. Nf2 Nd4 27. Bc4 b3 28. g4 Nf6 29. Bxh6 Bxh6 30. Qxh6 Nxf3 31. Re3 Rb4 32. Rxf3 Nxe4 33. Nxe4 Qxe4 34. Bd3 1-0

[Event "13.Città di Padova Open A"]
[Site "Padova Ex Fornace Carotta"]
[Date "2010.12.14"]
[Round "3.5"]
[White "Laketic, Gojko"]
[Black "Gallo, Enrico"]
[Result "1-0"]
[WhiteElo "2459"]
[BlackElo "2093"]
[Annotator "Gabriele Ballarin"]
[PlyCount "51"]
[EventDate "2010.12.12"]
[EventType "swiss"]
[EventRounds "9"]
[EventCountry "ITA"]

1. d4 Nf6 2. c4 c5 3. d5 e6 4. Nc3 exd5 5. cxd5 d6 6. Nf3 g6 7. g3 Bg7 8. Bg2 O-O 9. O-O Re8 10. Nd2 a6 11. a4 Nbd7 12. Nc4 Nb6 13. Na3 Bd7 14. Bf4 Qc7 15. a5 Nc8 16. Nc4 Bb5 17. b3 Nd7 18. Qc2 Ne5 19. Bxe5 Bxe5 20. Nxe5 Rxe5 21. f4 Re8 22. Ne4 Qe7 23. Qb2 f5 24. Nf6+ Kf8 25. Nxe8 Kxe8 26. Rfe1 1-0

[Event "13.Città di Padova Open A"]
[Site "Padova Ex Fornace Carotta"]
[Date "2010.12.14"]
[Round "3.6"]
[White "Voiska, Margarita"]
[Black "Genocchio, Daniele"]
[Result "0-1"]
[WhiteElo "2320"]
[BlackElo "2433"]
[Annotator "Gabriele Ballarin"]
[PlyCount "52"]
[EventDate "2010.12.12"]
[EventType "swiss"]
[EventRounds "9"]
[EventCountry "ITA"]

1. c4 e5 2. g3 Nf6 3. Bg2 d5 4. cxd5 Nxd5 5. Nf3 Nc6 6. O-O Be7 7. d4 e4 8. Ne5 f5 9. Nxc6 bxc6 10. Qa4 O-O 11. Qxc6 Rb8 12. Nc3 Nb6 13. Bf4 Bd6 14. Bxd6 cxd6 15. f3 Ba6 16. fxe4 Rc8 17. exf5 Rxc6 18. Bxc6 d5 19. a4 Rf6 20. Nb5 Bc8 21. a5 Nc4 22. Rac1 Rxf5 23. Rxf5 Bxf5 24. e4 Qg5 25. Rf1 Qe3+ 26. Rf2 Bh3 0-1

[Event "13.Città di Padova Open A"]
[Site "Padova Ex Fornace Carotta"]
[Date "2010.12.14"]
[Round "3.7"]
[White "Gastiaburo, Hernan"]
[Black "Collutiis, Duilio"]
[Result "0-1"]
[WhiteElo "2205"]
[BlackElo "2473"]
[Annotator "Gabriele Ballarin"]
[PlyCount "96"]
[EventDate "2010.12.12"]
[EventType "swiss"]
[EventRounds "9"]
[EventCountry "ITA"]

1. e4 e5 2. Nf3 Nc6 3. Bb5 Nf6 4. O-O Nxe4 5. Re1 Nd6 6. Nxe5 Be7 7. Bd3 Nxe5 8. Rxe5 O-O 9. c3 Bf6 10. Re1 g6 11. Bc2 c5 12. d4 cxd4 13. cxd4 Nb5 14. Nc3 Nxd4 15. Bh6 d5 16. Bxf8 Kxf8 17. Bd3 Be6 18. Qd2 Kg7 19. Rab1 Qd6 20. h3 Bxh3 21. Ne2 Nxe2+ 22. Bxe2 Be6 23. Bf3 Rd8 24. b3 h5 25. Rbd1 Rd7 26. Re2 h4 27. Qd3 Bf5 28. Be4 Bg4 29. Bf3 Be6 30. Red2 d4 31. Be4 Qf4 32. Qf3 Qg5 33. Qd3 Be5 34. Rc2 Qf4 35. Qf3 Qg5 36. Qd3 Re7 37. Kf1 Bd7 38. Rc5 b6 39. Rd5 Be6 40. Rb5 Qf4 41. Rxe5 Qxe5 42. Qxd4 Qxd4 43. Rxd4 Rd7 44. Ra4 f5 45. Bf3 g5 46. Be2 Kf6 47. g3 h3 48. f3 h2 0-1

[Event "13.Città di Padova Open A"]
[Site "Padova Ex Fornace Carotta"]
[Date "2010.12.14"]
[Round "3.8"]
[White "Mrdja, Milan"]
[Black "Franco, Alessandro P"]
[Result "1-0"]
[WhiteElo "2418"]
[BlackElo "1906"]
[Annotator "Gabriele Ballarin"]
[PlyCount "93"]
[EventDate "2010.12.12"]
[EventType "swiss"]
[EventRounds "9"]
[EventCountry "ITA"]

1. e4 e6 2. d4 d5 3. Nd2 dxe4 4. Nxe4 Nd7 5. Nf3 Ngf6 6. Bg5 c5 7. dxc5 Bxc5 8. Nxc5 Qa5+ 9. c3 Qxc5 10. Bd3 O-O 11. Qe2 b6 12. Be3 Qh5 13. Nd4 Qxe2+ 14. Bxe2 Bb7 15. f3 Ne5 16. c4 Rfd8 17. b3 Rd7 18. O-O-O Rad8 19. Rd2 Kf8 20. Rhd1 Ke7 21. Kc2 h6 22. Nb5 Nc6 23. a3 e5 24. b4 Ke6 25. c5 Nd5 26. Rxd5 Rxd5 27. Nc7+ Kf5 28. g4+ Kg6 29. Rxd5 Nxb4+ 30. axb4 Bxd5 31. Nxd5 Rxd5 32. cxb6 axb6 33. Bxb6 Kg5 34. Be3+ Kh4 35. Bf1 h5 36. gxh5 Kxh5 37. b5 g5 38. b6 Rd7 39. Bh3 Rd5 40. Bf5 Rb5 41. Bd3 Rd5 42. b7 Rd8 43. Bf5 Rb8 44. Bc8 f5 45. Ba7 Rxb7 46. Bxb7 g4 47. Bb8 1-0

[Event "13.Città di Padova Open A"]
[Site "Padova Ex Fornace Carotta"]
[Date "2010.12.14"]
[Round "3.9"]
[White "Dragojlovic, Andjelko"]
[Black "Isatto, Davide"]
[Result "1-0"]
[WhiteElo "2395"]
[BlackElo "1931"]
[Annotator "Gabriele Ballarin"]
[PlyCount "79"]
[EventDate "2010.12.12"]
[EventType "swiss"]
[EventRounds "9"]
[EventCountry "ITA"]

1. Nf3 Nf6 2. g3 c5 3. Bg2 Nc6 4. O-O g6 5. d3 Bg7 6. e4 d6 7. c3 O-O 8. Nbd2 e5 9. a4 Re8 10. h3 h6 11. Nh4 Nh5 12. Nf5 Bxf5 13. exf5 Qd7 14. Ne4 Kh7 15. Qg4 Rad8 16. fxg6+ fxg6 17. Be3 Qxg4 18. hxg4 Nf6 19. g5 Ng8 20. g4 Nce7 21. Bf3 Rf8 22. Kg2 Nd5 23. Rh1 Nxe3+ 24. fxe3 b6 25. c4 d5 26. cxd5 Ne7 27. gxh6 Bf6 28. d6 Nc8 29. g5 Bh8 30. Rhf1 Nxd6 31. Nxd6 Rxd6 32. Be4 Rdd8 33. Rxf8 Rxf8 34. Rf1 Rxf1 35. Kxf1 Kg8 36. Bxg6 e4 37. Bxe4 Bxb2 38. g6 a6 39. d4 cxd4 40. Bd5+ 1-0

[Event "13.Città di Padova Open A"]
[Site "Padova Ex Fornace Carotta"]
[Date "2010.12.14"]
[Round "3.10"]
[White "Zuttioni, Federico"]
[Black "De Santis, Alessio"]
[Result "1-0"]
[WhiteElo "1968"]
[BlackElo "2293"]
[Annotator "Gabriele Ballarin"]
[PlyCount "153"]
[EventDate "2010.12.12"]
[EventType "swiss"]
[EventRounds "9"]
[EventCountry "ITA"]

1. e4 b6 2. d4 Bb7 3. Bd3 Nf6 4. Nd2 Nc6 5. c3 e5 6. Ngf3 Bd6 7. O-O O-O 8. Nc4 Re8 9. d5 Nb8 10. Bg5 h6 11. Bh4 Ba6 12. Nxd6 cxd6 13. b4 Bb7 14. b5 a6 15. a4 axb5 16. axb5 Bxd5 17. Bxf6 gxf6 18. exd5 Rxa1 19. Qxa1 e4 20. Nd4 exd3 21. Qd1 Qc7 22. Qxd3 Re5 23. c4 Qc5 24. Nf3 Re8 25. Re1 Rc8 26. h3 Nc6 27. bxc6 dxc6 28. Kh2 cxd5 29. cxd5 b5 30. Qf5 Qc3 31. Re3 Qc2 32. Qxc2 Rxc2 33. Kg3 Rc5 34. Rd3 b4 35. Nd2 Kg7 36. Ne4 Ra5 37. Nd2 f5 38. Kf4 Kf6 39. Rd4 Ra2 40. f3 b3 41. Nxb3 Rxg2 42. Nd2 Rh2 43. Kg3 Rh1 44. Nc4 Ke7 45. Ne3 Kf6 46. Rd1 Rxd1 47. Nxd1 Ke5 48. f4+ Ke4 49. Nc3+ Kd4 50. Ne2+ Ke3 51. Ng1 Ke4 52. Ne2 Ke3 53. Nc1 Ke4 54. Nb3 Ke3 55. Na5 Ke4 56. Nb7 Kxd5 57. Kf3 Kc6 58. Nd8+ Kd7 59. Nxf7 Ke6 60. Nxh6 Kf6 61. Ke3 Kg6 62. Ng8 Kf7 63. Kd4 Kxg8 64. Kd5 Kf7 65. Kxd6 Kf6 66. Kd5 Kg6 67. Ke6 Kg7 68. Kxf5 Kf7 69. Kg5 Kg7 70. h4 Kf7 71. f5 Kg7 72. h5 Kf7 73. f6 Kf8 74. Kg6 Kg8 75. f7+ Kf8 76. h6 Ke7 77. Kg7 1-0

[Event "13.Città di Padova Open A"]
[Site "Padova Ex Fornace Carotta"]
[Date "2010.12.14"]
[Round "3.11"]
[White "Santolini, Luigi"]
[Black "Binder, Andrea"]
[Result "1/2-1/2"]
[WhiteElo "2235"]
[BlackElo "1898"]
[Annotator "Gabriele Ballarin"]
[PlyCount "47"]
[EventDate "2010.12.12"]
[EventType "swiss"]
[EventRounds "9"]
[EventCountry "ITA"]

1. d4 d6 2. c4 Nf6 3. Nc3 g6 4. e4 Bg7 5. f4 c5 6. d5 O-O 7. Nf3 b5 8. cxb5 a6 9. a4 Qa5 10. Bd2 Qb4 11. Qc2 Bb7 12. Ra3 Qa5 13. Bc4 Qc7 14. O-O Nbd7 15. a5 axb5 16. Nxb5 Qc8 17. Re3 Nb8 18. Na3 Na6 19. Bxa6 Bxa6 20. Nc4 Rb8 21. b3 Rb7 22. Rfe1 Qb8 23. Nb6 Ng4 24. Rc3 1/2-1/2

[Event "13.Città di Padova Open A"]
[Site "Padova Ex Fornace Carotta"]
[Date "2010.12.14"]
[Round "3.12"]
[White "Antoniacci, Ricardo"]
[Black "Schaefer, Michael"]
[Result "0-1"]
[WhiteElo "1973"]
[BlackElo "2232"]
[Annotator "Gabriele Ballarin"]
[PlyCount "50"]
[EventDate "2010.12.12"]
[EventType "swiss"]
[EventRounds "9"]
[EventCountry "ITA"]

1. e4 c5 2. Nf3 Nc6 3. Bb5 g6 4. O-O Bg7 5. Re1 Nf6 6. Nc3 O-O 7. Bxc6 dxc6 8. d3 Qc7 9. Be3 b6 10. Qd2 Ng4 11. Bf4 e5 12. Bg3 f6 13. h3 Nh6 14. Rad1 Qe7 15. Nh2 Be6 16. f4 Nf7 17. Qf2 Rad8 18. f5 Bc8 19. h4 Qd7 20. Rf1 gxf5 21. exf5 Nd6 22. Ne4 Nxe4 23. dxe4 Qxd1 24. Rxd1 Rxd1+ 25. Nf1 Ba6 0-1

[Event "13.Città di Padova Open A"]
[Site "Padova Ex Fornace Carotta"]
[Date "2010.12.14"]
[Round "3.13"]
[White "Lodi, Paolo"]
[Black "Teodonio, Fabrizio"]
[Result "0-1"]
[WhiteElo "1641"]
[BlackElo "2002"]
[Annotator "Gabriele Ballarin"]
[PlyCount "56"]
[EventDate "2010.12.12"]
[EventType "swiss"]
[EventRounds "9"]
[EventCountry "ITA"]

1. Nf3 Nf6 2. c4 c5 3. b3 Nc6 4. Bb2 e6 5. g3 d5 6. Bg2 d4 7. d3 Be7 8. O-O O-O 9. Nbd2 h6 10. a3 a5 11. Qc2 e5 12. h3 Be6 13. Kh2 Qd7 14. Ng1 Rad8 15. Rad1 Nh5 16. Bc1 f5 17. f4 exf4 18. gxf4 Nxf4 19. Bxc6 Qxc6 20. Ndf3 Bd6 21. Kh1 Bb8 22. e3 Nh5 23. Kg2 Ng3 24. Kh2 Nxf1+ 25. Kh1 Ng3+ 26. Kh2 dxe3 27. Ne1 Ne4+ 28. Kh1 Nf2# 0-1

[Event "13.Città di Padova Open A"]
[Site "Padova Ex Fornace Carotta"]
[Date "2010.12.14"]
[Round "3.14"]
[White "Milazzo, Mario"]
[Black "Militello, Michele"]
[Result "1-0"]
[WhiteElo "2069"]
[BlackElo "1817"]
[Annotator "Gabriele Ballarin"]
[PlyCount "123"]
[EventDate "2010.12.12"]
[EventType "swiss"]
[EventRounds "9"]
[EventCountry "ITA"]

1. d4 d6 2. Nf3 Nf6 3. g3 Nbd7 4. Bg2 e5 5. c4 c6 6. dxe5 dxe5 7. O-O Qc7 8. Nc3 g6 9. b3 Bg7 10. Bb2 O-O 11. Qc2 a5 12. Rac1 Re8 13. e4 h6 14. Rfd1 Bf8 15. Na4 b6 16. h3 Bb7 17. Ne1 Nh7 18. Rxd7 Qxd7 19. Nxb6 Qc7 20. Nxa8 Bxa8 21. c5 Bb7 22. Bf1 Bc8 23. a3 Be6 24. b4 f6 25. Bc4 Ng5 26. h4 Nf7 27. Bxe6 Rxe6 28. Rd1 Re7 29. Qd3 Kh7 30. Ng2 axb4 31. axb4 Bg7 32. Ne3 h5 33. b5 cxb5 34. Nd5 Qxc5 35. Ba3 Qc4 36. Qxc4 bxc4 37. Bxe7 f5 38. Rc1 Nh6 39. Rxc4 fxe4 40. Rxe4 Nf7 41. Nf6+ Kh6 42. Ne8 Bh8 43. Nd6 Kg7 44. Nxf7 Kxf7 45. Bg5 Ke6 46. f4 Kf5 47. Rxe5+ Bxe5 48. fxe5 Kxe5 49. Kf2 Ke4 50. Ke2 Kd4 51. Kf3 Ke5 52. Bh6 Kf5 53. Bf4 Kf6 54. Ke4 Ke6 55. Bg5 Kd6 56. Bc1 Ke6 57. Kf4 Kf7 58. Kg5 Kg7 59. Bb2+ Kh7 60. Kf6 Kh6 61. Bc1+ Kh7 62. Kf7 1-0

[Event "13.Città di Padova Open A"]
[Site "Padova Ex Fornace Carotta"]
[Date "2010.12.14"]
[Round "3.15"]
[White "Di Lazzaro, Gabriele"]
[Black "Litrico, Paolo"]
[Result "0-1"]
[WhiteElo "1901"]
[BlackElo "1946"]
[Annotator "Gabriele Ballarin"]
[PlyCount "92"]
[EventDate "2010.12.12"]
[EventType "swiss"]
[EventRounds "9"]
[EventCountry "ITA"]

1. e4 e5 2. d4 exd4 3. Qxd4 Nc6 4. Qe3 Nf6 5. Nc3 Bb4 6. Bd2 O-O 7. O-O-O Re8 8. Bc4 Ne5 9. Bb3 Neg4 10. Qg3 d6 11. f3 Nh5 12. Qe1 Ne5 13. Nge2 Be6 14. Bxe6 fxe6 15. f4 Nc4 16. g4 Nf6 17. g5 Nd7 18. Qg3 Nxd2 19. Rxd2 Qe7 20. h4 c6 21. Rd3 d5 22. h5 Rf8 23. Rf3 Bd6 24. Qg4 Nc5 25. f5 exf5 26. exf5 Rae8 27. Rhf1 Qd7 28. Qh4 Kh8 29. h6 gxh6 30. Qxh6 Be5 31. g6 Qg7 32. Qh3 Bf6 33. Rh1 Bg5+ 34. Kb1 h6 35. Qg4 Kg8 36. Nf4 Qd4 37. Qg3 Qd2 38. Rd1 Ne4 39. Qh3 Nxc3+ 40. bxc3 Qxd1+ 41. Kb2 Re1 42. f6 Qc1+ 43. Kb3 Bxf4 44. Rxf4 Qxf4 45. Qd7 Qc1 46. Ka4 Qxc2+ 0-1

[Event "13.Città di Padova Open A"]
[Site "Padova Ex Fornace Carotta"]
[Date "2010.12.14"]
[Round "3.16"]
[White "Giuriato, Sergio"]
[Black "Belloni, Umberto"]
[Result "1-0"]
[WhiteElo "1934"]
[BlackElo "1866"]
[Annotator "Gabriele Ballarin"]
[PlyCount "81"]
[EventDate "2010.12.12"]
[EventType "swiss"]
[EventRounds "9"]
[EventCountry "ITA"]

1. d4 d5 2. c4 e6 3. Nc3 c6 4. Nf3 dxc4 5. a4 Bb4 6. e3 b5 7. Bd2 Ne7 8. axb5 Bxc3 9. Bxc3 cxb5 10. b3 Nd5 11. Ba5 Nb6 12. bxc4 bxc4 13. Bxc4 O-O 14. Qe2 Bb7 15. Bd3 h6 16. O-O Nc6 17. Bd2 Qf6 18. Rfb1 Rfd8 19. Ra3 e5 20. dxe5 Nxe5 21. Nxe5 Qxe5 22. f3 Qd6 23. Bb4 Qd7 24. Bc3 Nc8 25. Bd4 Qd6 26. Qb2 Nb6 27. Bxg7 Qe6 28. Bd4 Rd6 29. Qf2 Bd5 30. Qg3+ Kf8 31. Bc5 Nc8 32. Ra6 Ke7 33. Rba1 Bb7 34. R6a3 Kd7 35. Bxd6 Nxd6 36. Qf4 Ke7 37. Rxa7 Rd8 38. Be4 Rd7 39. Bxb7 Nxb7 40. Qb4+ Qd6 41. Rxb7 1-0

[Event "13.Città di Padova Open A"]
[Site "Padova Ex Fornace Carotta"]
[Date "2010.12.14"]
[Round "3.17"]
[White "Bozzao, Francesco"]
[Black "De Marchi, Alessandro"]
[Result "0-1"]
[WhiteElo "1881"]
[BlackElo "1666"]
[Annotator "Gabriele Ballarin"]
[PlyCount "76"]
[EventDate "2010.12.12"]
[EventType "swiss"]
[EventRounds "9"]
[EventCountry "ITA"]

1. e4 c5 2. Nf3 Nc6 3. d4 cxd4 4. Nxd4 e6 5. Be3 a6 6. Nc3 Qc7 7. Qd2 Nf6 8. f3 b5 9. Bd3 Bb7 10. O-O-O Rc8 11. g4 Na5 12. g5 Nh5 13. Kb1 Be7 14. Rhg1 Nc4 15. Bxc4 bxc4 16. Ka1 O-O 17. Rg2 Bb4 18. Nde2 d5 19. exd5 exd5 20. Nd4 Qa5 21. f4 Rce8 22. Rf2 Bxc3 23. bxc3 Re4 24. Nf5 Qa3 25. Bd4 Bc8 26. Ng3 Nxg3 27. hxg3 Bg4 28. Rh1 Rfe8 29. Be5 R8xe5 30. fxe5 d4 31. Rb1 g6 32. cxd4 c3 33. Qd3 Be6 34. d5 Ra4 35. Qc4 Rxc4 36. dxe6 Rb4 37. exf7+ Kf8 38. Rff1 Rb2 0-1

[Event "13.Città di Padova Open A"]
[Site "Padova Ex Fornace Carotta"]
[Date "2010.12.14"]
[Round "3.18"]
[White "Rizzo, Giuseppe"]
[Black "Bondielli, Giorgio"]
[Result "0-1"]
[WhiteElo "1671"]
[BlackElo "1872"]
[Annotator "Gabriele Ballarin"]
[PlyCount "76"]
[EventDate "2010.12.12"]
[EventType "swiss"]
[EventRounds "9"]
[EventCountry "ITA"]

1. d4 f5 2. Nf3 Nf6 3. Bf4 d6 4. e3 g6 5. h3 Bg7 6. Be2 Nc6 7. Nbd2 O-O 8. c3 Qe8 9. O-O e5 10. Bh2 e4 11. Ne1 Be6 12. c4 Bf7 13. Nc2 Qe7 14. b4 Rad8 15. a4 Nb8 16. Rb1 Nbd7 17. a5 Rfe8 18. c5 Nd5 19. Rb3 Bh6 20. cxd6 cxd6 21. Nc4 N7f6 22. Rb1 Nc3 23. Qd2 Nxb1 24. Rxb1 Nd5 25. b5 Bf8 26. Nb4 Nxb4 27. Qxb4 Bxc4 28. Qxc4+ d5 29. Qb3 Qa3 30. a6 b6 31. Qd1 Rc8 32. g4 Bd6 33. gxf5 Bxh2+ 34. Kxh2 Qd6+ 35. Kh1 gxf5 36. Bf1 Kh8 37. Qh5 Qg6 38. Qh4 Rg8 0-1

[Event "13.Città di Padova Open A"]
[Site "Padova Ex Fornace Carotta"]
[Date "2010.12.14"]
[Round "3.19"]
[White "Zordan, Antonio"]
[Black "Zanini, Andrea"]
[Result "1-0"]
[WhiteElo "1778"]
[BlackElo "1687"]
[Annotator "Gabriele Ballarin"]
[PlyCount "61"]
[EventDate "2010.12.12"]
[EventType "swiss"]
[EventRounds "9"]
[EventCountry "ITA"]

1. e4 d5 2. d4 dxe4 3. Nc3 e5 4. Be3 Bb4 5. Bc4 Bxc3+ 6. bxc3 Be6 7. Bxe6 fxe6 8. Qh5+ Kf8 9. Qxe5 Nc6 10. Qxe6 Qe7 11. Qxe7+ Ngxe7 12. Ne2 Nf5 13. Bf4 Nd6 14. O-O Re8 15. Rfe1 h6 16. Rab1 b6 17. Ng3 Nb5 18. Rxb5 a6 19. Rf5+ Kg8 20. Rxe4 Kh7 21. Kf1 Na5 22. Rfe5 Rd8 23. Re7 c5 24. Nf5 Rhg8 25. Nxh6 Rgf8 26. Nf7 Rc8 27. Ng5+ Kg6 28. Bc1 cxd4 29. Ne6 Rg8 30. Nxd4 Rxc3 31. R7e6+ 1-0

[Event "13.Città di Padova Open A"]
[Site "Padova Ex Fornace Carotta"]
[Date "2010.12.14"]
[Round "4"]
[White "De Marchi, Alessandro"]
[Black "Santolini, Luigi"]
[Result "0-1"]
[WhiteElo "1670"]
[BlackElo "2235"]
[Annotator "Gabriele Ballarin"]
[PlyCount "98"]
[EventDate "2010.12.12"]
[EventType "swiss"]
[EventRounds "9"]
[EventCountry "ITA"]

1. d4 Nf6 2. c4 g6 3. Nc3 Bg7 4. e4 d6 5. Nf3 O-O 6. Be2 Nbd7 7. b3 e5 8. d5 Nc5 9. Nd2 a5 10. Bb2 Bh6 11. f3 Nh5 12. g3 f5 13. a3 f4 14. Nf1 Bh3 15. Kf2 c6 16. b4 axb4 17. axb4 Na6 18. dxc6 Nxb4 19. cxb7 Rxa1 20. Bxa1 Qb6+ 21. Ke1 Bg2 22. Nd5 Nxd5 23. Qxd5+ Kh8 24. Nd2 Bxh1 25. c5 Qa7 26. Bxe5+ dxe5 27. c6 Qb8 28. g4 Nf6 29. Qa5 Ne8 30. Nc4 Bg7 31. Qc5 Qc7 32. g5 Rf7 33. Nb6 Nd6 34. Ba6 Bxf3 35. Nd5 Nxb7 36. Bxb7 Qb8 37. Ne7 Qc7 38. Nd5 Qb8 39. Ne7 Qd8 40. Nd5 Bxe4 41. c7 Rxc7 42. Nxc7 Bxb7 43. Ne6 Qc8 44. Nc7 e4 45. Qe7 e3 46. Ke2 Qf8 47. Qxf8+ Bxf8 48. Ne6 Bd6 49. Nd8 Bd5 0-1

[Event "13.Città di Padova Open A"]
[Site "Padova Ex Fornace Carotta"]
[Date "2010.12.14"]
[Round "4.1"]
[White "Zaja, Ivan"]
[Black "Lazic, Miroljub"]
[Result "1/2-1/2"]
[WhiteElo "2489"]
[BlackElo "2480"]
[Annotator "Gabriele Ballarin"]
[PlyCount "20"]
[EventDate "2010.12.12"]
[EventType "swiss"]
[EventRounds "9"]
[EventCountry "ITA"]

1. Nf3 Nf6 2. b3 g6 3. Bb2 Bg7 4. c4 O-O 5. g3 d6 6. Bg2 e5 7. d3 Nc6 8. O-O h6 9. a3 Be6 10. Nc3 Qd7 1/2-1/2

[Event "13.Città di Padova Open A"]
[Site "Padova Ex Fornace Carotta"]
[Date "2010.12.14"]
[Round "4.2"]
[White "Genocchio, Daniele"]
[Black "Naumkin, Igor"]
[Result "1/2-1/2"]
[WhiteElo "2433"]
[BlackElo "2506"]
[Annotator "Gabriele Ballarin"]
[PlyCount "32"]
[EventDate "2010.12.12"]
[EventType "swiss"]
[EventRounds "9"]
[EventCountry "ITA"]

1. e4 e6 2. d4 d5 3. Nd2 Nc6 4. Ngf3 Nf6 5. e5 Nd7 6. Bb5 Be7 7. Nf1 O-O 8. Ne3 f6 9. exf6 Nxf6 10. O-O Bd6 11. c4 Kh8 12. Re1 Bd7 13. c5 Bf4 14. g3 Bh6 15. Bxc6 Bxc6 16. Ne5 Be8 1/2-1/2

[Event "13.Città di Padova Open A"]
[Site "Padova Ex Fornace Carotta"]
[Date "2010.12.14"]
[Round "4.3"]
[White "Boscolo, Federico Meneguolo"]
[Black "Laketic, Gojko"]
[Result "1/2-1/2"]
[WhiteElo "2179"]
[BlackElo "2459"]
[Annotator "Gabriele Ballarin"]
[PlyCount "81"]
[EventDate "2010.12.12"]
[EventType "swiss"]
[EventRounds "9"]
[EventCountry "ITA"]

1. e4 c6 2. d4 d5 3. exd5 cxd5 4. Bd3 Nc6 5. c3 Nf6 6. Bf4 Bg4 7. Qb3 Qc8 8. Nd2 e6 9. Ngf3 Be7 10. O-O Bh5 11. Ne5 Bg6 12. Nxg6 hxg6 13. Rae1 a6 14. Nf3 Kf8 15. Ng5 Nh7 16. Nf3 Kg8 17. Re2 Nf8 18. Rfe1 Rh5 19. Ne5 Nxe5 20. Rxe5 Rxe5 21. Bxe5 Nd7 22. Bg3 Nf6 23. Be5 Qc6 24. h3 Rc8 25. Bxf6 gxf6 26. a4 Qc7 27. Be2 f5 28. Bf3 Bf6 29. g3 Qd7 30. Kg2 g5 31. Rd1 Rc7 32. Ra1 Rc6 33. a5 Be7 34. Ra4 Qc7 35. Be2 Qd7 36. Bf3 Qc8 37. Be2 Qc7 38. Bf3 Bd6 39. Be2 Bf8 40. Bf3 Qd6 41. Be2 1/2-1/2

[Event "13.Città di Padova Open A"]
[Site "Padova Ex Fornace Carotta"]
[Date "2010.12.14"]
[Round "4.5"]
[White "Collutiis, Duilio"]
[Black "Dragojlovic, Andjelko"]
[Result "1/2-1/2"]
[WhiteElo "2473"]
[BlackElo "2395"]
[Annotator "Gabriele Ballarin"]
[PlyCount "144"]
[EventDate "2010.12.12"]
[EventType "swiss"]
[EventRounds "9"]
[EventCountry "ITA"]

1. e4 c5 2. Nf3 g6 3. g3 Bg7 4. Bg2 Nc6 5. O-O e5 6. c3 Nge7 7. d3 d6 8. a3 a5 9. a4 O-O 10. Na3 h6 11. Nb5 d5 12. exd5 Nxd5 13. Nd2 Be6 14. Re1 Nf6 15. Nc4 e4 16. Ncd6 exd3 17. Nxb7 Qb6 18. N7d6 Rad8 19. Qxd3 Na7 20. Nc4 Qxb5 21. Qxd8 Qxc4 22. Qxa5 Nc8 23. Be3 Nd7 24. Red1 h5 25. Rd2 h4 26. Rad1 h3 27. Bb7 Ncb6 28. Qb5 Qxa4 29. Qxa4 Nxa4 30. Bc6 Ndb6 31. Ra1 Bb3 32. Ra3 c4 33. Bxb6 Nxb6 34. Ra7 Rc8 35. Bb5 Bf8 36. Kf1 Bc5 37. Rb7 Kf8 38. Ke2 Ra8 39. Kf3 Kg7 40. Rc7 Bf8 41. Kg4 Rb8 42. Bc6 Ba2 43. Kxh3 Bb1 44. Re2 Bf5+ 45. Kg2 Bd6 46. Ra7 Nc8 47. Rb7 Rxb7 48. Bxb7 Nb6 49. Bc6 Be6 50. Rd2 Bc7 51. f4 Kf6 52. Kf3 Ke7 53. g4 f5 54. g5 Bb8 55. h4 Bf7 56. Kg3 Bc7 57. Bf3 Ke6 58. Rd4 Ke7 59. h5 gxh5 60. Kh4 Na4 61. Bd5 Bxd5 62. Rxd5 Bxf4 63. Rxf5 Bxg5+ 64. Rxg5 Nxb2 65. Kxh5 Nd1 66. Rg3 Kf6 67. Kg4 Ke5 68. Kh3 Nxc3 69. Rxc3 Kd4 70. Rc1 c3 71. Kg3 Kd3 72. Kf2 Kd2 1/2-1/2

[Event "13.Città di Padova Open A"]
[Site "Padova Ex Fornace Carotta"]
[Date "2010.12.14"]
[Round "4.6"]
[White "Schaefer, Michael"]
[Black "Mrdja, Milan"]
[Result "1-0"]
[WhiteElo "2232"]
[BlackElo "2418"]
[Annotator "Gabriele Ballarin"]
[PlyCount "123"]
[EventDate "2010.12.12"]
[EventType "swiss"]
[EventRounds "9"]
[EventCountry "ITA"]

1. Nf3 g6 2. c4 Bg7 3. Nc3 c5 4. g3 Nc6 5. Bg2 h5 6. d3 Nh6 7. e4 d6 8. h3 e6 9. O-O Ng8 10. Be3 e5 11. a3 Nge7 12. Nd5 Nxd5 13. cxd5 Nd4 14. Bxd4 exd4 15. b4 b6 16. a4 O-O 17. Qb3 Bh6 18. e5 dxe5 19. Nxe5 Qf6 20. Nc4 cxb4 21. Qxb4 Bf5 22. Rfd1 Rfd8 23. a5 Bf8 24. Qb3 Bc5 25. Ra2 h4 26. Rf1 Rab8 27. axb6 axb6 28. g4 Bd7 29. f4 Be8 30. Re2 b5 31. Ne5 Bd6 32. Qd1 Bxe5 33. fxe5 Qg5 34. Qc1 Qxc1 35. Rxc1 b4 36. Rb2 b3 37. Rc4 Rb5 38. Rxd4 Ra8 39. Rf4 Ra2 40. Rff2 Ra4 41. Kf1 Rb7 42. Ke1 Re7 43. Rfe2 Ra2 44. d4 Ra1+ 45. Kd2 Rb7 46. d6 Rb4 47. Kc3 Raa4 48. Rxb3 Rc4+ 49. Kb2 Rxd4 50. Rb8 Rdb4+ 51. Rxb4 Rxb4+ 52. Kc3 Ra4 53. Bd5 Bd7 54. Ra2 Rxa2 55. Bxa2 Kf8 56. Kd4 Bb5 57. Bc4 Bc6 58. Bd5 Bb5 59. e6 fxe6 60. Bxe6 g5 61. Ke5 Bf1 62. Kf6 1-0

[Event "13.Città di Padova Open A"]
[Site "Padova Ex Fornace Carotta"]
[Date "2010.12.14"]
[Round "4.7"]
[White "Teodonio, Fabrizio"]
[Black "Solomon, Kenny"]
[Result "0-1"]
[WhiteElo "2002"]
[BlackElo "2215"]
[Annotator "Gabriele Ballarin"]
[PlyCount "86"]
[EventDate "2010.12.12"]
[EventType "swiss"]
[EventRounds "9"]
[EventCountry "ITA"]

1. e4 c5 2. c3 Nf6 3. e5 Nd5 4. d4 cxd4 5. Bc4 Qc7 6. Qe2 Nb6 7. Bd3 Nc6 8. Nf3 d5 9. exd6 Qxd6 10. O-O Bg4 11. Bb5 a6 12. Bxc6+ Qxc6 13. cxd4 Bxf3 14. Qxf3 Qxf3 15. gxf3 g6 16. Nc3 Bg7 17. Be3 O-O 18. Rac1 Rfd8 19. Rfd1 Rac8 20. f4 Nc4 21. b3 Nd6 22. Nd5 Rxc1 23. Rxc1 Nf5 24. Nb6 Bxd4 25. Bxd4 Rxd4 26. Rc7 Rd2 27. Rxb7 Rxa2 28. Nd5 Kf8 29. Rb8+ Kg7 30. Rb7 Nh4 31. Kf1 Nf3 32. Kg2 Ne1+ 33. Kg3 Nd3 34. Rxe7 Nxf2 35. Nb4 Rb2 36. Nxa6 Kf8 37. Re3 f5 38. Nc5 Ng4 39. Nd7+ Kg8 40. Rc3 Nxh2 41. Ne5 Nf1+ 42. Kh4 Kg7 43. Rc8 Rh2+ 0-1